000 00366nam a2200145Ia 4500
008 220217s9999||||xx |||||||||||||| ||und||
020 _a0-07-112089-0
082 _a658.45 ADL
100 _aAdler, Ronald, B
245 0 _aCommunicating at work
250 _a7th
260 _aTata mcgraw hill
_bNew Delhi
_c2002
300 _b
_20.95
650 _aMANAGEMENT
999 _c169370
_d169370